Снеговик: 20 хокейных декабрей

التفاصيل البيبلوغرافية
مؤلفون آخرون: Федосов Б. Борис (редактор)
الملخص:Исключено из фонда НТБ ТПУ
اللغة:الروسية
منشور في: Москва, Известия, 1986
الموضوعات:
التنسيق: كتاب
KOHA link:https://koha.lib.tpu.ru/cgi-bin/koha/opac-detail.pl?biblionumber=126937

MARC

LEADER 00000nam0a2200000 4500
001 126937
005 20250603102700.0
035 |a (RuTPU)RU\TPU\book\137313 
090 |a 126937 
100 |a 20071206d1986 m y0rusy5003 ca 
101 0 |a rus 
102 |a RU 
105 |a a z 000zy 
200 1 |a Снеговик: 20 хокейных декабрей  |f под ред. Б. Федосова 
210 |a Москва  |c Известия  |d 1986 
215 |a 128 с.  |c ил. 
333 |a Исключено из фонда НТБ ТПУ 
610 1 |a спорт 
610 1 |a хоккей 
610 1 |a международные хоккейные турниры 
610 1 |a команды 
610 1 |a история соревнований 
675 |a 799 
702 1 |a Федосов  |b Б.  |g Борис  |4 340 
801 0 |a RU  |b RuMRKP  |c 19950417  |g psbo 
801 1 |a RU  |b 63413507  |c 20071206  |g PSBO 
801 2 |a RU  |b 63413507  |c 20071206  |g PSBO 
850 |a 63413507 
942 |c BK